00525cam a22002051 4500001001300000003000400013005001700017008004100034010001700075035002000092040001800112050001600130100003900146245003100185260001100216300003000227500001500257650003000272999001700302sa 65004879 DLC20260227112133.0881102s1964 xx 000 0 gujo  asa 65004879  a(OCoLC)23538204 aDLCcMiUdDLC00aPK1854b.K31 aKārāṇī, Dulerāya,d1896-10aKacchanuṃ lokasāhitya. c[1964] a7, 432 p.bports.c19 cm. aRomanized. 0aFolk literature, Gujarati c63982d63982